Films d'animation japonais par image - Statistiques

Statistiques générales
  • Ce quiz a été pris 323 fois
    320 depuis la dernière actualisation
  • Le résultat moyen est 16 sur 28
Statistiques - réponses
Par images Réponse % Correct
Mon voisin Totoro
93%
Le voyage de Chihiro
88%
Le château ambulant
87%
Your Name
87%
Kiki la petite sorcière
85%
Le château dans le ciel
84%
Le Tombeau des lucioles
80%
Porco Rosso
78%
Ponyo sur la falaise
76%
Princesse Mononoké
75%
Arrietty
71%
Le vent se lève
64%
Nausicaä de la vallée du vent
64%
Le royaume des chats
57%
Pompoko
53%
Silent Voice
53%
Akira
52%
La colline aux coquelicots
49%
Les Enfants Loups
47%
Slam Dunk
41%
Ghost in the Shell
40%
Les Contes de Terremer
38%
Suzume
38%
Paprika
37%
Le Garçon et la Bête
36%
Tokyo Godfathers
23%
Amer Béton
14%
Sword of the Stranger
5%
Aucun quiz correspondant
Distribution des résultats
% des personnes avec chaque résultat
Percentile par nombre de réponses
Votre historique - résultats
Vous n’avez pas pris ce quiz depuis la dernière actualisation